000 00678nam a2200229 i 4500
001 bg
100 1 _aSTEFAŃSKA, Danuta
245 1 0 _aPracownia laserowej spektroskopii atomowej /
_cpod red. Danuty Stefańskiej.
260 _aPoznań :
_bWydaw. Politechniki Poznańskiej,
_c2000.
300 _a159 s. :
_brys., wykr. ;
_c24 cm.
504 _aBibliogr. s. 156-159.
650 9 _aSpektroskopia laserowa
655 _aPodręczniki akademickie
700 1 _aSTEFAŃSKA, Danuta.
_eRed.
020 _a837143457X
040 _cBPK
041 0 _apl
080 _a543.42:544.3](075.8)
920 _a83-7143-457-X
942 _cKS
008 s pl f |000 0 pol
999 _c39340
_d39340
856 _uhttp://koha.tu.koszalin.pl/cgi-bin/koha/opac-detail.pl?biblionumber=39340
_yKatalog online BPK